000 00683nam a22001937a 4500
999 _c176210
_d176210
005 20201203151510.0
010 _aUR-10952
020 _c200.00
_a9789389733303
035 _aU-9507
037 _bDBAD/PUB
082 _aک
100 _aمحمد عر فا ن ثمين
245 _aچر اغو ں کے ا ند ھير ے (ا فسا نے )
_cمحمد عر فا ن ثمين
246 _bChiraghon Ke Andhere (Urdu)
_aby Mohd. irfan Sameen
260 _aN.Delhi
_bEducational Publishing House
_c2019 ء
270 _aH.O.D1/16,Ansari Road,Darya ganj,
_bN.Delhi
_e110002
_k45678285,23216162
_l0091-11-23211540
300 _a200 ص
_c22 Cm(Hb)
942 _2ddc
_cUR
_hک
_mم ح م